Normal view
MARC view
Entry Personal Name
001 - CONTROL NUMBER
- control field: 18246
003 - CONTROL NUMBER IDENTIFIER
- control field: OSt
005 - DATE AND TIME OF LATEST TRANSACTION
- control field: 20240627113615.0
008 - FIXED-LENGTH DATA ELEMENTS
- fixed length control field: 240627|| aca||aabn | a|a d
040 ## - CATALOGING SOURCE
- Original cataloging agency: OSt
- Transcribing agency: OSt
100 ## - HEADING--PERSONAL NAME
- Personal name: Peter, Robson
670 ## - SOURCE DATA FOUND
- Source citation: Work cat.: (OSt)8991: Ropke, Wilhelm 18245, Economics of international integration/, 1979
